| 000 | 00856nam a2200253 a 4500 | ||
|---|---|---|---|
| 999 |
_c130549 _d130549 |
||
| 001 | 1982894 | ||
| 003 | ARRUPE | ||
| 005 | 20201028103542.0 | ||
| 008 | 890905s1990 ctu b 000 0 eng | ||
| 010 | _a 89051579 | ||
| 020 | _a0896224007 | ||
| 040 |
_aDLC _cDLC _dDLC |
||
| 050 | 0 | 0 |
_aBX2435 _b.N342 1990 |
| 082 | 0 | 0 |
_a255/.9 _220 |
| 100 | 1 |
_aNeal, Marie Augusta. _950011 |
|
| 245 | 1 | 0 |
_aFrom nuns to sisters : _ban expanding vocation / _cMarie Augusta Neal. |
| 260 |
_aMystic, Conn. : _bTwenty-Third Publications, _cc1990. |
||
| 300 |
_aviii, 143 p. ; _c22 cm. |
||
| 504 | _aIncludes bibliographical references (p. 132-143). | ||
| 650 |
_aReligious life _95701 |
||
| 906 |
_a7 _bcbc _corignew _d3 _eocip _f19 _gy-gencatlg |
||
| 942 |
_2lcc _cMONOGRAPH |
||